[Event "FIDE World Blitz 2014"]
[Site "Dubai UAE"]
[Date "2014.06.19"]
[Round "2.51"]
[White "Milov,V"]
[Black "Othman,AM"]
[Result "0-1"]
[WhiteElo "2622"]
[BlackElo "2275"]

1.d4 Nf6 2.c4 c5 3.d5 b5 4.Qc2 d6 5.e4 Nbd7 6.Nf3 g6 7.cxb5 Bg7 8.Nc3 a6
9.a4 O-O 10.h3 Ne8 11.Be2 axb5 12.Nxb5 Nc7 13.O-O Nxb5 14.Bxb5 Ba6 15.Bxa6 Rxa6
16.Ra3 Qa8 17.Bg5 Rb8 18.b3 Kf8 19.Nd2 Rab6 20.Nc4 R6b7 21.Bd2 Ne5 22.Na5 Ra7
23.f4 Rxa5 24.fxe5 Bxe5 25.Bxa5 Qxa5 26.Ra2 Rb4 27.Kh1 Kg7 28.Qd3 Rd4 29.Qf3 f6
30.Qg4 Qc3 31.Qe6 Qg3 32.Qxe7+ Kh6 33.Kg1 Rxe4 34.Qf8+ Kg5  0-1

[Event "FIDE World Blitz 2014"]
[Site "Dubai UAE"]
[Date "2014.06.19"]
[Round "3.48"]
[White "Tissir,M"]
[Black "Milov,V"]
[Result "0-1"]
[WhiteElo "2380"]
[BlackElo "2622"]

1.e4 c5 2.Nf3 e6 3.d4 cxd4 4.Nxd4 a6 5.Bd3 Bc5 6.Nb3 Be7 7.O-O d6 8.c4 Nd7
9.Nc3 Ngf6 10.f4 b6 11.Qe2 Bb7 12.Bd2 O-O 13.Rae1 g6 14.Kh1 Re8 15.Nd4 Bf8
16.Nf3 Qc7 17.b3 Rac8 18.Bb1 Bg7 19.Qf2 Nh5 20.Ne2 Nc5 21.Ng3 Nxg3+ 22.Qxg3 b5
23.cxb5 axb5 24.Qh4 Qd8 25.Qh3 d5 26.e5 Ne4 27.Be3 h6 28.Bxe4 dxe4 29.Nd4 b4
30.Rd1 Qa5 31.Qg4 Rc3 32.Bg1 Rd3 33.Rc1 Qd5 34.Nc2 e3 35.Nxb4 Qe4 36.Nxd3 Qxd3
37.Rce1 Rc8 38.Qg3 Rc2 39.Rf3 Bxf3 40.Qxf3 Rxa2 41.Qxe3 Qc2 42.Qf3 Bf8 43.h3 Rb2
44.Qa8 Rxb3 45.Ra1 Kg7 46.Ra7 Rb1 47.Qe8 Rxg1+ 48.Kh2 Qxg2+  0-1

[Event "FIDE World Blitz 2014"]
[Site "Dubai UAE"]
[Date "2014.06.19"]
[Round "4.42"]
[White "Milov,V"]
[Black "Al Qudaimi,B"]
[Result "1-0"]
[WhiteElo "2622"]
[BlackElo "2396"]

1.d4 d5 2.c4 e6 3.Nc3 c6 4.e3 Nd7 5.b3 f5 6.Bd3 Ngf6 7.Bb2 Bd6 8.f4 Ne4 9.Nf3 Bb4
10.Qc2 Qa5 11.Rc1 O-O 12.O-O Ndf6 13.Ne5 Bd7 14.a3 Bd6 15.c5 Bxe5 16.fxe5 Ng4
17.Qe2 Nxc3 18.Bxc3 Qd8 19.h3 Nh6 20.b4 a6 21.a4 Qh4 22.Qf2 Qe7 23.Rb1 g5
24.Qe2 g4 25.Be1 Be8 26.Bg3 gxh3 27.gxh3 Kh8 28.Bf4 Qh4 29.Qh2 Bh5 30.Rf2 Rg8+
31.Kf1 Rg7 32.Ke1 Rag8 33.Kd2 Qxf2+ 34.Qxf2 Rg2 35.Rf1 Nf7 36.b5 axb5 37.axb5 Rxf2+
38.Rxf2 Ra8 39.Rf1 Ra2+ 40.Kc3 Ra3+ 41.Kc2 Nd8 42.Rg1 Bf3 43.Bg5 Ra2+ 44.Kc3 h6  1-0

[Event "FIDE World Blitz 2014"]
[Site "Dubai UAE"]
[Date "2014.06.19"]
[Round "5.27"]
[White "Tkachiev,V"]
[Black "Milov,V"]
[Result "1-0"]
[WhiteElo "2625"]
[BlackElo "2622"]

1.d4 Nf6 2.c4 g6 3.g3 Bg7 4.Bg2 O-O 5.Nf3 d6 6.O-O Nc6 7.Nc3 Rb8 8.Qc2 Bf5
9.e4 Bg4 10.Be3 Nd7 11.Ne2 Nb4 12.Qb3 c5 13.dxc5 dxc5 14.Rfd1 Qc7 15.h3 Bxf3
16.Bxf3 Nc6 17.Bg4 e6 18.f4 f5 19.Bf3 e5 20.exf5 gxf5 21.Bxc6 bxc6 22.Qd3 Rf7
23.Rd2 exf4 24.Nxf4 Ne5 25.Qf1 Re8 26.Rad1 Qe7 27.Re1 Qg5 28.Kh2 Qf6 29.Nh5 Qg6
30.Nxg7 Qxg7 31.Rf2 Rfe7 32.Bd2 Rd8 33.Bc3 Rd6 34.Rxf5 Rde6 35.Rfxe5 Rxe5
36.Rxe5 Rxe5 37.Qd1 Qe7 38.Bxe5 Qxe5 39.Qd8+ Kf7 40.Qd7+ Kg8 41.Qc8+ Kg7
42.Qg4+ Kh8 43.Qc8+ Kg7 44.Qd7+ Kg8 45.Qd2 Qe4 46.b3 a5 47.g4 Qe5+ 48.Kg2 Qe4+
49.Kg3 Qe5+ 50.Kh4 Kf7 51.Qd7+ Kg8 52.Qxc6 Qe7+ 53.Kh5 Qe5+ 54.g5 Qf5 55.Qd5+  1-0

[Event "FIDE World Blitz 2014"]
[Site "Dubai UAE"]
[Date "2014.06.19"]
[Round "6.45"]
[White "Milov,V"]
[Black "Sriram,J"]
[Result "1/2-1/2"]
[WhiteElo "2622"]
[BlackElo "2375"]

1.d4 Nf6 2.c4 g6 3.Nc3 Bg7 4.e4 d6 5.Bg5 O-O 6.Qd2 c5 7.d5 b5 8.cxb5 a6 9.a4 Nbd7
10.Nf3 Qa5 11.Ra3 Qb4 12.Bd3 axb5 13.axb5 Rxa3 14.bxa3 Qxa3 15.O-O Nb6 16.Qc1 Qa5
17.Bd2 Qa7 18.Qa1 Qb7 19.Qb2 Bg4 20.Ra1 Bxf3 21.gxf3 Nfd7 22.Be2 f5 23.Ra6 Ne5
24.Qa2 h6 25.Ra7 Qc8 26.Qa6 Qd8 27.Qb7 fxe4 28.Nxe4 Ned7 29.Ba5 Bd4 30.Bxb6 Nxb6
31.Qxe7 Qxe7 32.Rxe7 Nxd5 33.Bc4 Rf5 34.b6 Kf8 35.Bxd5 Kxe7 36.b7 Rf8 37.Nd2 Kd7
38.Nc4 Kc7 39.Kg2 g5 40.Be4 Rd8 41.Bd5 Rf8 42.Kg3 Be5+ 43.Kg2 Re8 44.Na5 Rb8
45.h4 Bc3 46.Nc4 gxh4 47.Kh3 Bf6 48.f4 Be7 49.Ne3  1/2-1/2

[Event "FIDE World Blitz 2014"]
[Site "Dubai UAE"]
[Date "2014.06.19"]
[Round "7.44"]
[White "Breckenridge,S"]
[Black "Milov,V"]
[Result "1-0"]
[WhiteElo "2299"]
[BlackElo "2622"]

1.e4 c5 2.c3 Nf6 3.e5 Nd5 4.d4 cxd4 5.Nf3 d6 6.cxd4 dxe5 7.Nxe5 Nc6 8.Nf3 Bg4
9.Be2 e6 10.O-O Be7 11.Nc3 O-O 12.Be3 Rc8 13.Rc1 Ncb4 14.Qb3 Nxe3 15.fxe3 Qb6
16.a3 Nd5 17.Qxb6 Nxb6 18.Rfd1 Rfd8 19.Kf2 Kf8 20.Ne5 Bxe2 21.Kxe2 Bd6 22.Nf3 a6
23.Ne4 Be7 24.Ne5 Nd5 25.Nc4 f6 26.Na5 b6 27.Nc6 Re8 28.Nxe7 Kxe7 29.Nd2 Kd7
30.e4 Nf4+ 31.Ke3 Nxg2+ 32.Kf2 Nf4 33.Nc4 Rc6 34.d5 exd5 35.exd5 Rc5 36.Nxb6+ Kd6
37.Nc4+ Kc7 38.d6+ Kd8 39.Nb6 Ree5 40.Kf3 Ne6 41.Rxc5 Nxc5 42.Nc4 Re6 43.Rd5 Ne4
44.Ra5 Nxd6 45.Rxa6 Nf5 46.Rxe6 Nd4+ 47.Ke4 Nxe6 48.Kd5 Kd7 49.Nb6+ Ke7 50.Nc8+ Kd7
51.Nb6+ Ke7 52.a4 g5 53.Nc8+ Kd7 54.Nb6+ Ke7 55.a5 Nc7+ 56.Kc6 Na6 57.Nd5+ Kf7
58.Kb6 Nb8 59.Kb7 Nd7 60.Kc7 Nc5 61.Kc6 Na6 62.Nc7 Nb4+ 63.Kb5  1-0

[Event "FIDE World Blitz 2014"]
[Site "Dubai UAE"]
[Date "2014.06.19"]
[Round "8.46"]
[White "Milov,V"]
[Black "Hansen,Eric"]
[Result "0-1"]
[WhiteElo "2622"]
[BlackElo "2584"]

1.d4 Nf6 2.c4 g6 3.Nc3 d5 4.Nf3 Bg7 5.e3 O-O 6.Be2 dxc4 7.Bxc4 c5 8.O-O cxd4
9.exd4 Nc6 10.h3 Nd7 11.Be3 Nb6 12.Bb3 Na5 13.Bc2 Nac4 14.Bc1 Bd7 15.Be4 Nd6
16.Bd3 Rc8 17.Re1 e6 18.Bg5 Bf6 19.Bxf6 Qxf6 20.Ne5 Bc6 21.Qd2 Rfd8 22.Rad1 Nd5
23.Nxd5 Bxd5 24.a3 h5 25.Rc1 Kg7 26.Rc3 Rxc3 27.bxc3 b5 28.a4 bxa4 29.c4 Ba8
30.c5 Nf5 31.Bxf5 Qxf5 32.c6 Rc8 33.d5 exd5 34.Qxd5 Bxc6 35.Qd4 Qf6 36.Qxa7 Be8
37.Qd4 Rd8 38.Qc3 Ra8 39.Re3 a3 40.Rf3 a2 41.Qa1 Rb8 42.Rxf6 Rb1+ 43.Kh2 Rxa1
44.Ra6 Re1  0-1

[Event "FIDE World Blitz 2014"]
[Site "Dubai UAE"]
[Date "2014.06.19"]
[Round "11.40"]
[White "Glek,I"]
[Black "Milov,V"]
[Result "0-1"]
[WhiteElo "2438"]
[BlackElo "2622"]

1.e4 c5 2.Nf3 e6 3.d3 Nc6 4.g3 g6 5.Bg5 Be7 6.Bxe7 Ngxe7 7.Bg2 O-O 8.O-O e5
9.c3 d5 10.exd5 Nxd5 11.Re1 Re8 12.Qb3 Nb6 13.Qb5 Bg4 14.Na3 Rc8 15.Rad1 Qf6
16.Nd2 Bxd1 17.Rxd1 Qe7 18.Ne4 Nb8 19.Qa5 f5 20.Nd2 Nc6 21.Qb5 Kg7 22.Nb3 Nd8
23.Qa5 c4 24.dxc4 Nxc4 25.Nxc4 Rxc4 26.Qxa7 Rc7 27.Qb6 Nf7 28.Na5 e4 29.Qe3 Rd8
30.Rxd8 Qxd8 31.h4 Qd6 32.Nb3 Ne5 33.Nd4 Rf7 34.h5 Ng4 35.Qd2 Qe5 36.Ne2 e3
37.fxe3 Nxe3 38.Nf4 Nxg2 39.Kxg2 g5 40.h6+ Kxh6 41.Nh3 f4 42.Nf2 Kg7 43.Ng4 Qe4+
44.Kh2 h5 45.Nf2 fxg3+ 46.Kxg3 h4+ 47.Kh2 Qe5+ 48.Kg2 Qf4 49.Qxf4 Rxf4 50.Nd3 Rf5
51.c4 g4 52.b4 h3+ 53.Kh2 Kf6 54.c5 Rf3  0-1

[Event "FIDE World Blitz 2014"]
[Site "Dubai UAE"]
[Date "2014.06.20"]
[Round "14.32"]
[White "Milov,V"]
[Black "Vitiugov,N"]
[Result "0-1"]
[WhiteElo "2622"]
[BlackElo "2742"]

1.d4 Nf6 2.Bg5 e6 3.e4 h6 4.Bxf6 Qxf6 5.c3 d5 6.e5 Qd8 7.f4 c5 8.Nf3 Qb6
9.Qd2 Nc6 10.Be2 Bd7 11.O-O Be7 12.Na3 a6 13.Nc2 Rg8 14.dxc5 Bxc5+ 15.Ncd4 g5
16.b4 Be7 17.Rab1 g4 18.Ne1 Nxd4 19.cxd4 Rc8 20.Kh1 h5 21.Qb2 Bb5 22.Nd3 Bxd3
23.Bxd3 h4 24.f5 Bg5 25.a4 Qc7 26.Qe2 Be7 27.b5 a5 28.b6 Qc3 29.Bb5+ Kd8
30.Qf2 h3 31.fxe6 hxg2+ 32.Qxg2 fxe6 33.Rf7 Qxd4 34.Rbf1 Qxe5 35.Bd3 g3 36.Rh7 Rc3
37.Bb5 Qe3 38.h3 Rc1 39.Rf7 Rxf1+ 40.Rxf1 Qxb6 41.Re1 Rg6 42.Bd3 Rg8 43.Rf1 Qe3
44.Be2 Bd6 45.Bg4 Rf8 46.Rxf8+ Bxf8 47.Qf1 Bc5 48.Qf6+ Kc7 49.Qf1 e5 50.Kg2 Qf2+
51.Qxf2 gxf2 52.Bf3 e4 53.Be2 Kd6  0-1

[Event "FIDE World Blitz 2014"]
[Site "Dubai UAE"]
[Date "2014.06.20"]
[Round "15.38"]
[White "Onischuk,V"]
[Black "Milov,V"]
[Result "1-0"]
[WhiteElo "2594"]
[BlackElo "2622"]

1.e4 c5 2.Nf3 e6 3.b3 Nf6 4.e5 Nd5 5.Bb2 Nc6 6.g3 Be7 7.Bg2 O-O 8.O-O f6
9.c4 Nc7 10.d4 cxd4 11.Nxd4 Nxe5 12.Nc3 Nc6 13.Re1 a6 14.Qd2 Bc5 15.Na4 Ba7
16.Rad1 Qe8 17.Nf5 b5 18.Nc3 bxc4 19.bxc4 Qh5 20.Nd6 Ne5 21.Qe2 Qxe2 22.Rxe2 Rb8
23.Ba3 Rd8 24.Red2 Ne8 25.Nce4 f5 26.Nc3 Nxd6 27.Bxd6 Nxc4 28.Bxb8 Bxb8 29.Rc2 Ba7
30.Nd5 Nb6 31.Nxb6 Bxb6 32.Rdc1  1-0

[Event "FIDE World Blitz 2014"]
[Site "Dubai UAE"]
[Date "2014.06.20"]
[Round "16.42"]
[White "Milov,V"]
[Black "Vakhidov,T"]
[Result "0-1"]
[WhiteElo "2622"]
[BlackElo "2446"]

1.d4 Nf6 2.c4 g6 3.Nc3 d5 4.Nf3 Bg7 5.e3 O-O 6.Be2 c5 7.dxc5 Qa5 8.cxd5 Nxd5
9.Qxd5 Bxc3+ 10.bxc3 Qxc3+ 11.Qd2 Qxa1 12.O-O Qg7 13.Bb2 f6 14.Bc4+ Kh8 15.Ng5 Nc6
16.Ne6 Bxe6 17.Bxe6 Rfd8 18.Qc2 Rac8 19.Bxc8 Rxc8 20.Rd1 Qf7 21.h3 Kg8 22.Rd7 Qxa2
23.Rxb7 Qe6 24.Qa4 Kf7 25.Qa6 Qd5 26.Qb5 Qd1+ 27.Kh2 Qd5 28.f3 Nd8 29.Rd7 Qc6
30.Qb3+ Ne6 31.Rxa7 Rc7 32.Ra5 Rb7 33.Qc3 Rxb2  0-1

[Event "FIDE World Blitz 2014"]
[Site "Dubai UAE"]
[Date "2014.06.20"]
[Round "17.47"]
[White "Kayumov,S"]
[Black "Milov,V"]
[Result "0-1"]
[WhiteElo "2505"]
[BlackElo "2622"]

1.d4 d6 2.Nf3 g6 3.Bf4 Bg7 4.e3 c5 5.c3 cxd4 6.exd4 Nf6 7.Be2 O-O 8.O-O Nc6
9.h3 Re8 10.Na3 a6 11.d5 Nb8 12.Nc4 Nbd7 13.a4 b6 14.Ne3 Bb7 15.c4 a5 16.Nd4 Nc5
17.Bf3 e5 18.dxe6 fxe6 19.Nc6 Qc8 20.Qxd6 Bf8 21.Qd4 Nh5 22.Ne5 Nb3 23.Bxb7 Qxb7
24.Qc3 Nxa1 25.N3g4 Bg7 26.Bh6 Rf8 27.Bxg7 Qxg7 28.Rxa1 Rad8 29.g3 Nf6 30.Nc6 Rd6
31.Nxf6+ Qxf6 32.Qxf6 Rxf6 33.Ne5 Rd2 34.Ng4 Rf8 35.b3 Rfd8 36.Kg2 Rb2 37.Re1 Kf7
38.Ne5+ Kf6 39.g4 Rxb3 40.g5+ Kg7 41.Ng4 Rd6 42.Nf6 Kf7 43.Ne4 Rd4 44.c5 bxc5
45.Nxc5 Rb6 46.Ne4 Rxa4 47.f3 Rd4 48.Rc1 Ke7 49.Rc7+ Kd8 50.Rxh7 Ra6 51.Nc5 Rc6
52.Nb7+ Ke8 53.Nxa5 Rc3 54.Nb7 Rd7 55.Rh8+ Ke7 56.Na5 Rdd3 57.Rh7+ Kd6 58.Rg7 Rxf3
59.Nb7+ Ke5 60.Rxg6 Rg3+ 61.Kf2 Rxh3 62.Nd8 Rc2+ 63.Kg1 Kf5 64.Rf6+ Kg4 65.Rf2 Rg3+
66.Kf1 Rf3 67.Rxf3 Kxf3 68.Ke1 e5 69.g6 Rg2 70.Nf7 e4 71.Ne5+ Kf4 72.Nc6 Rxg6
73.Nd4 Rg2 74.Ne2+ Ke3  0-1

[Event "FIDE World Blitz 2014"]
[Site "Dubai UAE"]
[Date "2014.06.20"]
[Round "18.43"]
[White "Milov,V"]
[Black "Shyam,SM"]
[Result "0-1"]
[WhiteElo "2622"]
[BlackElo "2468"]

1.d4 Nf6 2.c4 g6 3.Nc3 Bg7 4.e4 O-O 5.Bg5 d6 6.Qd2 Na6 7.f3 c5 8.d5 Qa5 9.Nge2 Bd7
10.h4 Nc7 11.h5 b5 12.g4 bxc4 13.Ng3 Rfb8 14.Bxc4 Nxg4 15.O-O Rxb2 16.Qxb2 Bxc3
17.Qe2 Bxa1 18.Rxa1 Ne5 19.Bb3 c4 20.Bc2 Qc3 21.Rf1 Bh3 22.Rf2 f6 23.Be3 Nb5
24.Kh2 Bd7 25.Ba4 Nd4 26.Bxd4 Qxd4 27.Bxd7 Nxd7 28.f4 c3 29.Rg2 Kf7 30.Qg4 Nf8
31.hxg6+ hxg6 32.Qh3 Qe3 33.f5 Qf4 34.fxg6+ Kg8 35.Kg1 Rb8 36.g7 Rb1+ 37.Kh2 Kxg7
38.Re2 Rb2 39.Kg1 Qc1+ 40.Kg2 Rxe2+ 41.Nxe2 Qg5+ 42.Kf2 c2 43.Qc3 Qh4+ 44.Kg2 Qxe4+
45.Kf2 Ng6 46.Ng3 Qf4+ 47.Kg2 c1=Q  0-1

[Event "FIDE World Blitz 2014"]
[Site "Dubai UAE"]
[Date "2014.06.20"]
[Round "20.49"]
[White "Milov,V"]
[Black "Hilwani,T"]
[Result "0-1"]
[WhiteElo "2622"]
[BlackElo "2274"]

1.e4 c5 2.c3 Nf6 3.e5 Nd5 4.d4 cxd4 5.Nf3 Nc6 6.cxd4 d6 7.Bc4 Nb6 8.Bb3 Bf5
9.O-O d5 10.Nh4 Be4 11.f3 Bxb1 12.Rxb1 e6 13.g3 Rc8 14.f4 Nxd4 15.Be3 Nxb3
16.axb3 Bc5 17.Bxc5 Rxc5 18.Ra1 a6 19.f5 Qg5 20.Qf3 O-O 21.fxe6 Rc7 22.Nf5 Kh8
23.e7 Re8 24.e6 f6 25.h4 Qg6 26.Qf4 Rc6 27.Rfe1 Nc8 28.Rac1 h5 29.Rxc6 bxc6
30.Rc1 Nxe7 31.Nxe7 Rxe7 32.Rxc6  0-1